000
00234nam a2200097Ia 4500
008
240331s9999 xx 000 0 und d
082
_a
294
_b
RAV
100
_a
Raveendran, N
245
0
_a
Inthuvam inthusamayam samooga matrangal
942
_c
L
999
_c
901
_d
901